Bhagawan Buddha. (Record no. 54600)

MARC details
000 -LEADER
fixed length control field 00618cam a22002291 4500
001 - CONTROL NUMBER
control field sa 63002682
003 - CONTROL NUMBER IDENTIFIER
control field DLC
005 - DATE AND TIME OF LATEST TRANSACTION
control field 20260227111935.0
008 - FIXED-LENGTH DATA ELEMENTS--GENERAL INFORMATION
fixed length control field 820416s1960 ii a 000 0 eng
010 ## - LIBRARY OF CONGRESS CONTROL NUMBER
LC control number sa 63002682
035 ## - SYSTEM CONTROL NUMBER
System control number (OCoLC)8343531
040 ## - CATALOGING SOURCE
Original cataloging agency DLC
Transcribing agency AzU
Modifying agency AzU
-- DLC
042 ## - AUTHENTICATION CODE
Authentication code premarc
050 00 - LIBRARY OF CONGRESS CALL NUMBER
Classification number BL1470
Item number .D58
100 1# - MAIN ENTRY--PERSONAL NAME
Personal name Diwakar, Ranganath Ramachandra,
Dates associated with a name 1894-1990.
245 10 - TITLE STATEMENT
Title Bhagawan Buddha.
250 ## - EDITION STATEMENT
Edition statement [1st ed.]
260 ## - PUBLICATION, DISTRIBUTION, ETC.
Place of publication, distribution, etc. Bombay,
Name of publisher, distributor, etc. Bharatiya Vidya Bhavan,
Date of publication, distribution, etc. 1960.
300 ## - PHYSICAL DESCRIPTION
Extent 199 p.
Other physical details illus.
Dimensions 19 cm.
440 #0 - SERIES STATEMENT/ADDED ENTRY--TITLE
Title Bhavan's book university,
Volume/sequential designation 67
600 00 - SUBJECT ADDED ENTRY--PERSONAL NAME
Personal name Gautama Buddha.

No items available.

Powered by Koha